000 00932nam a2200277 i 4500
001 000045192
003 DO-SdBNP
005 20231024151749.0
006 a||||gr|||| 00| 0
007 ta
008 150209e1997 dr a r 000 0 spa d
040 _aDO-SdBNP
_bspa
_cBNPHU
_erda
082 4 _a22
_2V199p
245 0 0 _aValores y Principios del Cooperativismo. /
_cPresentación, Claudio Lugo Pérez, Germania Luperón Liriano
250 _a2a. ed.
264 1 _aSanto Domingo :
_bENECOOP,
_c1997
300 _a29 páginas ;
_bIlustraciones ;
_c21 cm.
336 _2rdacontent
_atexto
_btxt
337 _2rdamedia
_asin mediación
_bn
338 _2rdacarrier
_avolumen
_bnc
590 _aInventariado 2023 / MF
700 1 _aLugo Pérez, Claudio,
_d1954-
_924835
_epresentación
700 1 _aLuperón Liriano, Germania,
_epresentación
_984523
710 2 _aEscuela Nacional de Educación Cooperativista
_984524
942 _2ddc
_cLF2
999 _c44681
_d44681